Sons of Anarchy Characters (A-Z) Quiz Stats

Quiz Updated Jan 15, 2016

Challenge
Share
Tweet
Embed
Score 0/22 Timer 04:00
1 Play Today
Letter Characters % Correct
JJackson (Jax), Juan Carlos (Juice), June, Jacob, John, Jimmy, Jury, Jose, Joshua
93.7%
CClarence (Clay), Chibs, Chucky, Cameron, Charles, Connor, Cherry, Colette, Carla, Cliff
90.3%
TTig, Tara, Thomas, Tyne, T.O., Tyler, Trinity, Tristen, Tyson
84.7%
GGemma, Galen, Grad, Gogo, Gill, Greg the Peg, George, Georgie, Griffin, Grant
83.3%
OOpie, Otto, Oscar
78.4%
AAbel, Alex, Ally, August, AJ, Arcadio, Amelia, Amir, Alphonse, Angel, Althea
78.4%
BBobby, Brooke, Brogan, Brenan, Bohai, Brendan
73.5%
HHappy, Harry, Half-Sack, Henry, Hector, Hugh, Hopper, Herman
70.8%
WWayne, Wendy, West, Warren, Winsome
60.8%
PPiermont (Piney), Philip, Polly, Pozo, Pamela, Paul, Pedro, Precious Ryan
56.9%
DDavid, Damon, Donna, Donny, Dawn, Duke, Darvany, Darnell, Dooley, Dino
51%
Letter Characters % Correct
LLyla, Luis, Lincoln (Linc), Luann, Liam, Lee, Luisa, Luke, Lander, Lowell, Lenny, Lumpy, Leland, Lucius, Lupe, Luther, Louise, Loutreesha
46.1%
NNero, Neil, Nate, Neeta
45.3%
MMarcus, Margaret, Miles, Maureen, Montez, Mary, Michael, Mitch, Mark, Moses
44.7%
RRobert, Ratboy, Rane, Romero (Romeo), Roarke, Rita, Rafi, Rosen, Ryu, Renaldo, Ron, Ryan
41.5%
EEli, Ernest, Elliott, Ethan, Ellie, Eviqua, Elias, Eric, Emma Jean, Esai, Elian, Elyda
39.7%
VV-Lin, Vic, Venus, Viktor
36%
FFilip, Filthy Phil, Fiasco, Frankie, Fiona, Floyd
28.1%
KKip, Kiki, Kozik, Kenny, Kellan, Keith, Kerrianne, Karen, Katie
27.5%
QQuinn
24.2%
IIma, Izzy
18.5%
SSean, Seamus, Skeeter, Sticky, Shepard, Santo, Squirrel, Sergio, Scoot, Sandy
11.8%

You're not logged in!

Compare scores with friends on all Sporcle quizzes.
Sign Up with Email
OR
Log In

You Might Also Like...

Show Comments

Extras

Top Quizzes Today


Score Distribution

Your Account Isn't Verified!

In order to create a playlist on Sporcle, you need to verify the email address you used during registration. Go to your Sporcle Settings to finish the process.